| 000 | 00599cam a22002172 4500 | ||
|---|---|---|---|
| 001 | 0000001124 | ||
| 005 | 20170406113151.0 | ||
| 008 | 131206s xx 000 0 eng d | ||
| 020 |
_a9780130540768 : _c$ |
||
| 040 |
_aYour Holding Symbol _cYour Holding Symbol |
||
| 100 | 1 | _aHall,Prentice. | |
| 245 | 1 | 0 |
_aScience explorer : _binside earth / _cPretice Hall. |
| 250 | _a ed. | ||
| 260 |
_bmassachutts, _c2002. |
||
| 300 |
_a207 p. ; _c cm. |
||
| 504 | _aindex. | ||
| 591 |
_a2013 _bDonation _cwua |
||
| 650 | 0 | _aGEOLOGY. | |
| 908 | _a131206 | ||
| 999 |
_c1041 _d1041 |
||